| 000 | 00476 a2200181 4500 | ||
|---|---|---|---|
| 003 | OSt | ||
| 005 | 20240125114726.0 | ||
| 008 | 240125b |||||||| |||| 00| 0 eng d | ||
| 020 | _a9789389040883 | ||
| 040 | _coclc | ||
| 082 |
_a297 _bAHS/P |
||
| 100 |
_aAhsani, Ishaq _910310 |
||
| 245 |
_aPachamatham / _cIshaq Ahsani |
||
| 250 | _a2nd ed. | ||
| 260 |
_aCalicut: _bIPB Books, _c2022. |
||
| 300 | _a58p. | ||
| 942 |
_2ddc _cBK _h297 _iAHS/P _k297 _mAHS/P |
||
| 999 |
_c43306 _d43306 |
||